Small works contract documentation : (Record no. 100371)

MARC details
000 -LEADER
fixed length control field 00848cam a2200253 a 4500
008 - FIXED-LENGTH DATA ELEMENTS--GENERAL INFORMATION
fixed length control field
020 ## - INTERNATIONAL STANDARD BOOK NUMBER
International Standard Book Number 0851399762 (hbk.)
049 ## - LOCAL HOLDINGS (OCLC)
Holding library MAIN
090 ## - LOCALLY ASSIGNED LC-TYPE CALL NUMBER (OCLC); LOCAL CALL NUMBER (RLIN)
Classification number (OCLC) (R) ; Classification number, CALL (RLIN) (NR) REF TH425
Local cutter number (OCLC) ; Book number/undivided call number, CALL (RLIN) BOW
003 - CONTROL NUMBER IDENTIFIER
control field
005 - DATE AND TIME OF LATEST TRANSACTION
control field 20230120191408.0
040 ## - CATALOGING SOURCE
Transcribing agency NUST
100 1# - MAIN ENTRY--PERSONAL NAME
Personal name Bowyer, Jack.
245 10 - TITLE STATEMENT
Title Small works contract documentation :
Remainder of title and how to administer it /
Statement of responsibility, etc. Jack Bowyer.
250 ## - EDITION STATEMENT
Edition statement 3rd ed.
260 ## - PUBLICATION, DISTRIBUTION, ETC.
Place of publication, distribution, etc. London :
Name of publisher, distributor, etc. Architectural,
Date of publication, distribution, etc. 1986.
300 ## - PHYSICAL DESCRIPTION
Extent [176] p. :
Other physical details ill. ;
Dimensions 24 cm.
440 #0 - SERIES STATEMENT/ADDED ENTRY--TITLE
Title Architectural Press legal guides
500 ## - GENERAL NOTE
General note Previous ed.: 1978.
650 #0 - SUBJECT ADDED ENTRY--TOPICAL TERM
Topical term or geographic name entry element Building
General subdivision Contracts and specifications
Geographic subdivision Great Britain.
653 ## - INDEX TERM--UNCONTROLLED
Uncontrolled term Great Britain
-- Buildings
-- Construction
-- Small works
-- Contracts
-- Administration - Manuals
907 ## - LOCAL DATA ELEMENT G, LDG (RLIN)
a .b10070370
b 23-10-14
c 17-04-03
942 ## - ADDED ENTRY ELEMENTS (KOHA)
Koha item type Ordinary Loan Books
Call number prefix REF TH425
Call number suffix BOW
Holdings
Date last seen Total Checkouts Full call number Barcode Cost, replacement price Price effective from Koha item type Lost status Source of classification or shelving scheme Damaged status Not for loan Collection Withdrawn status Home library Current library Shelving location Date acquired Cost, normal purchase price
01/20/2023   REF TH425 BOW 92003021231 80.00 01/20/2023 REF   LCC     NFIC   MAIN MAIN GEN 01/20/2023 80.00